Nhập môn Luật dân sự : Sách chuyên khảo

Nội dung sách trình bày cung cấp cho người đọc kiến thức chuyên sâu, trọng tâm về những vần đề lý luận cơ bản nhất dân sự, chủ thể của Luật Dân Sự, giao dịch dân sự, đại diện, thời hạn và thời hiệu. Những kiến thức lý luận cơ bả...

Descrizione completa

Salvato in:
Dettagli Bibliografici
Autore principale: Phùng Trung Tập (Chủ Biên)
Altri autori: Kiều Thị Thùy Linh (Đồng chủ biên)
Natura: Libro
Lingua:Vietnamese
Pubblicazione: H. Lao Động 2020
Soggetti:
Tags: Aggiungi Tag
Nessun Tag, puoi essere il primo ad aggiungerne! !
Thư viện lưu trữ: Thư viện Trường Đại học Nam Cần Thơ
LEADER 01544nam a22002177a 4500
001 NCT_135432
008 220608b xxu||||| |||| 00| 0 vie d
999 |c 6987  |d 6987 
020 |a 9786043015379  |c 90000 
082 0 4 |2 23rd ed.  |a 346.59704  |b T123 
100 1 |a Phùng Trung Tập  |e Chủ Biên 
245 1 0 |a Nhập môn Luật dân sự :   |b Sách chuyên khảo  |c Phùng Trung Tập, Kiều Thị Thùy Linh ( đồng chủ biên)  
260 |a H.  |b Lao Động  |c 2020 
300 |a 351 tr.  |c 21 cm 
520 3 |a Nội dung sách trình bày cung cấp cho người đọc kiến thức chuyên sâu, trọng tâm về những vần đề lý luận cơ bản nhất dân sự, chủ thể của Luật Dân Sự, giao dịch dân sự, đại diện, thời hạn và thời hiệu. Những kiến thức lý luận cơ bản này tạo nền tảng để tiếp tục nghiên cứu các vấn đề cơ bản khác trong lĩnh vực luật dân sự. 
653 |a Luật học 
700 1 |a Kiều Thị Thùy Linh  |e Đồng chủ biên 
942 |2 ddc  |c BK 
952 |0 0  |1 0  |2 ddc  |4 0  |6 346_597040000000000_T123  |7 0  |9 24911  |a 000001  |b 000001  |d 2022-06-08  |o 346.59704 T123  |p MD.19593  |r 2022-06-08  |v 90000.00  |w 2022-06-08  |y BK 
952 |0 0  |1 0  |2 ddc  |4 0  |6 346_597040000000000_T123  |7 0  |9 24912  |a 000001  |b 000001  |d 2022-06-08  |o 346.59704 T123  |p MD.19594  |r 2022-06-08  |v 90000.00  |w 2022-06-08  |y BK 
980 |a Thư viện Trường Đại học Nam Cần Thơ